| 000 | 00627nam a22002177a 4500 | ||
|---|---|---|---|
| 999 |
_c252372 _d252371 |
||
| 003 | OSt | ||
| 005 | 20231117110225.0 | ||
| 008 | 231117b xxu||||| |||| 00| 0 eng d | ||
| 010 | _a2001018598 | ||
| 020 | _a0375760814 | ||
| 020 | _a039457589X (alk. paper) | ||
| 040 |
_aDLC _cDLC _dDLC |
||
| 050 |
_a PS3525.I495 _b.Z72 2001 |
||
| 082 | _b | ||
| 100 | _aMilford, Nancy | ||
| 245 |
_aSavage Beauty: _bThe Life of Edna St. Vincent Millay _cNancy Milford |
||
| 250 | _a1st Edn | ||
| 260 |
_a New York : _b Random House, _c c2001. |
||
| 300 |
_a xviii, 550 p., [32] p. of plates : _b ill. ; _c 25 cm. |
||
| 942 |
_cBK _2lcc |
||